Quiz sur les énergie - Statistiques

Statistiques générales
  • Ce quiz a été pris 61 fois
  • Le résultat moyen est 4 sur 6
Statistiques - réponses
Energies Forme d'énergie % Correct
Energie Thermique
82%
Energie Electrique
78%
Energie Nucléaire
65%
Energie Mécanique
57%
Energie Chimique
49%
Energie Lumineuse
27%
Aucun quiz correspondant
Distribution des résultats
% des personnes avec chaque résultat
Percentile par nombre de réponses
Votre historique - résultats
Vous n’avez pas pris ce quiz